Video Games by Poorly Explained Plot - Statistics

General Stats
  • This quiz has been taken 36 times
    27 since last reset
  • The average score is 3 of 7
Answer Stats
Hint Answer % Correct
Green space Marine goes and kills alien zealots Halo
95%
Insane taco-obsessed and kitchen utensil wearing man helps you vanquish the undead with organic biological warfare Plants Vs Zombies
60%
A theoretical physicist arrives late for work, gets a promotion from a man in a business suit, and then uses a crowbar to dismantle a global fascist regime ran by his former boss. Half-Life 2
45%
Angry Mailman gets unwanted brain surgery and must travel across the desert to find a man in a checkered suit and ends up deciding the fate of Nevada Fallout New Vegas
40%
A very confused man wakes up from a 9-year nap, gets a robot arm, and starts a millita on an offshore oil rig. Metal Gear Solid V
15%
An eight-foot-tall man with anger issues and his two work-besties are sent to jungle planets to perform an emergency extermination on a trillion angry space-cockroaches Warhammer 40k: Space Marine 2
15%
Former Army Vet wakes up after a 14 years only to find out that the bad guys won by using ancient Jewish robots Wolfenstein: The New Order
15%
No matching quizzes found
Score Distribution
Percent of People with Each Score
Percentile by Number Answered
Your Score History
You have not taken this quiz since the last reset